| 000 | 00841nas a2200301 4500 | ||
|---|---|---|---|
| 001 | BR0905541 | ||
| 003 | BR-BrBNA | ||
| 005 | 20231205113711.0 | ||
| 007 | ta | ||
| 008 | 230509b bl.|||p| |||| 00| 00por d | ||
| 040 |
_aBR-BrBNA _bpor _cBiblioteca Nacional de Agricultura |
||
| 041 | _a(Pt) | ||
| 072 | _aL73 | ||
| 100 | 1 | _aMoraes, C.M. de | |
| 100 | 1 | _aVargas, A.P.C. de | |
| 100 | 1 | _aLeite, F.P.L. | |
| 100 | 1 | _aNogueira, C.E.W. | |
| 100 | 1 | _aTurnes, C.G. | |
| 245 | 1 | _aAdenite equina: sua etiologia, diagnóstico e controle | |
| 650 | _aEQUINO | ||
| 650 | _aDOENÇA ANIMAL | ||
| 650 | _aBACTÉRIA | ||
| 650 | _aVACINA | ||
| 650 | _aDIAGNÓSTICO | ||
| 773 | 0 |
_tCiência Rural (Brazil) _xISSN 0103-8478 _g(Sep 2009), v. 39(6) p. 1944-1952 _wBR0905541 |
|
| 909 |
_a202311 _bLúcia _c55 _dLúcia Elande |
||
| 942 |
_2AGRIS _n0 _cANA |
||
| 999 |
_c205134 _d205134 |
||